A glimpse into Vietnam's culture

Gespeichert in:
Bibliographische Detailangaben
1. Verfasser: Nguyễn Văn Mười
Format: Buch
Veröffentlicht: Đại học Quốc gia Tp.HCM 2002
Tags: Tag hinzufügen
Keine Tags, Fügen Sie den ersten Tag hinzu!
Thư viện lưu trữ: Mạng thư viện Đại học Đà Nẵng
LEADER 00576nam a2200229 a 4500
001 000029073
003 13138
005 20171030145630.0
008 171030s2002
020 |c 12000 
040 |a LTT 
082 0 |a 306.09  |b NG-M 
100 1 |a Nguyễn Văn Mười 
245 0 0 |a A glimpse into Vietnam's culture  |c Nguyễn Văn Mười. 
260 |b Đại học Quốc gia Tp.HCM  |c 2002 
OWN |a LTT 
999 |a From the UDN01 
TYP |a Monograph 
TYP |a Printed language 
980 |a Mạng thư viện Đại học Đà Nẵng